Протоколы совещаний наркомов просвещения союзных и автономных республик, 1919-1924 (Запись № 10911944)

Подробности
000 -МАРКЕР
контрольное поле 01928nam0a2200337 4500
001 - ИДЕНТИФИКАТОР ЗАПИСИ
контрольное поле RU\NLR\BIBL_A\012216901
005 - ИДЕНТИФИКАТОР ВЕРСИИ
контрольное поле 20200212132426.0
021 ## - НОМЕР ГОСУДАРСТВЕННОЙ РЕГИСТРАЦИИ
Код страны российская федерация
Номер 85-56493
035 ## - ДРУГИЕ СИСТЕМНЫЕ НОМЕРА
Идентификатор записи (NLR Aleph) 012216901
100 ## - ДАННЫЕ ОБЩЕЙ ОБРАБОТКИ
Данные общей обработки 20200212d1985 k y0rusy50 ca
101 0# - ЯЗЫК РЕСУРСА
Язык текста, звукозаписи и т.д. русский
102 ## - СТРАНА ПУБЛИКАЦИИ ИЛИ ПРОИЗВОДСТВА
Страна публикации российская федерация
105 ## - ПОЛЕ КОДИРОВАННЫХ ДАННЫХ: ТЕКСТОВЫЕ МАТЕРИАЛЫ, МОНОГРАФИЧЕСКИЕ
Кодированные данные о монографическом текстовом документе y n 000 y
181 #0 - ПОЛЕ КОДИРОВАННЫХ ДАННЫХ: ВИД СОДЕРЖАНИЯ
Код вида содержания (ISBD) i
Код характеристики содержания (ISBD) axxe
182 #0 - ПОЛЕ КОДИРОВАННЫХ ДАННЫХ: ТИП СРЕДСТВА
Код типа средства (ISBD) n - непосредственное
200 1# - ЗАГЛАВИЕ И СВЕДЕНИЯ ОБ ОТВЕТСТВЕННОСТИ
Основное заглавие Протоколы совещаний наркомов просвещения союзных и автономных республик, 1919-1924
Первые сведения об ответственности АН СССР. Институт истории СССР, Центральный государственный архив СССР, Институт марксизма-ленинизма при ЦК КПСС, Главное архивное управление при Совете Министров СССР, Министерство культуры СССР, Министерство культуры РСФСР
Последующие сведения об ответственности [сост. Л. И. Давыдова и др.]
-- редкол.: М. П. Ким -гл. ред.
203 ## - ВИД СОДЕРЖАНИЯ И ТИП СРЕДСТВА
Вид содержания Текст
Дополнительные сведения об издании визуальный
Тип средства непосредственный
210 ## - ПУБЛИКАЦИЯ, РАСПРОСТРАНЕНИЕ И ДР.
Место издания, распространения и т.д. Москва
Имя издателя, распространителя и т. д. Наука
Дата издания, распространения и т.д. 1985
215 ## - ФИЗИЧЕСКАЯ ХАРАКТЕРИСТИКА
Специфическое обозначение материала и объем 231 с.
Размеры 20
225 1# - СЕРИЯ
Основное заглавие серии История культурного строительства в СССР, 1917-1977
Сведения, относящиеся к заглавию документы и материалы
Сведения об ответственности редкол.: М. П. Ким - гл. ред. и др.
320 ## - ПРИМЕЧАНИЯ О НАЛИЧИИ В ДОКУМЕНТЕ БИБЛИОГРАФИИ / УКАЗАТЕЛЯ
Текст примечания Библиогр.: с. 224
606 1# - НАИМЕНОВАНИЕ ТЕМЫ КАК ПРЕДМЕТ
Наименование темы Народное образование
Формальный подзаголовок Съезды, совещания и т.п.
Географический подзаголовок СССР
Системный номер авторитетной/нормативной записи 1338451
Идентификатор авторитетной/нормативной записи RU\NLR\AUTH\66242696
686 1# - ИНДЕКСЫ ДРУГИХ КЛАССИФИКАЦИЙ
Индекс Ч34(2)л0
702 #1 - ИМЯ ЛИЦА - ВТОРИЧНАЯ ОТВЕТСТВЕННОСТЬ
Начальный элемент ввода Давыдова
Часть имени, кроме начального элемента ввода Л. И.
Расширение инициалов личного имени Людмила Исаковна
Код отношения Составитель
702 #1 - ИМЯ ЛИЦА - ВТОРИЧНАЯ ОТВЕТСТВЕННОСТЬ
Начальный элемент ввода Ким
Часть имени, кроме начального элемента ввода М. П.
Расширение инициалов личного имени Максим Павлович
Код отношения Редактор
852 ## - МЕСТОНАХОЖДЕНИЕ И ШИФР ХРАНЕНИЯ
Идентификатор организации NLR
Шифр хранения (Call Number) 85-3/8615
942 ## - ДОПОЛНИТЕЛЬНЫЕ ЭЛЕМЕНТЫ ЗАПИСИ (АБИС)
Тип экземпляра АБИС Книга
980 ## - КОЛЛЕКЦИЯ
Название коллекции Национальная библиография

Нет доступных экземпляров.